skbl

Dr Suryya Kumar Bhuyan Library Web-OPAC
ডঃ সূৰ্য্য
কুমাৰ ভূঞা পুথিভঁৰাল ৱেব-অ'পেক

All Research Scholars are advised to clear the annual library fees to continue using Library Resources, Remote Access, Plagiarism Test and Library Clearance.

Cotton University Book Fair 2026

A Century of Tribal Politics in North East India 1874-1974 / (Record no. 11004)

MARC details
000 -LEADER
fixed length control field 01019nam a2200385Ia 4500
001 - CONTROL NUMBER
control field 11017
005 - DATE AND TIME OF LATEST TRANSACTION
control field 20240113235251.0
007 - PHYSICAL DESCRIPTION FIXED FIELD--GENERAL INFORMATION
fixed length control field ta
008 - FIXED-LENGTH DATA ELEMENTS--GENERAL INFORMATION
fixed length control field 050808s1975 g b000 u eng u
040 ## - CATALOGING SOURCE
Original cataloging agency Cotton College,Assam
041 ## - LANGUAGE CODE
Language code of text/sound track or separate title eng
082 ## - DEWEY DECIMAL CLASSIFICATION NUMBER
Classification number 320.9
Item number Ra 18 Co
100 ## - MAIN ENTRY--PERSONAL NAME
Personal name Rao, V. Venkata.
245 #0 - TITLE STATEMENT
Title A Century of Tribal Politics in North East India 1874-1974 /
Statement of responsibility, etc. V. Venkata.Rao.
Medium Textual Documents
250 ## - EDITION STATEMENT
Edition statement 1st ed. /
260 ## - PUBLICATION, DISTRIBUTION, ETC.
Place of publication, distribution, etc. New Delhi :
Name of publisher, distributor, etc. S. Chand & Company ,
Date of publication, distribution, etc. 1975.
300 ## - PHYSICAL DESCRIPTION
Extent 556p. ;
Dimensions 22cm.
504 ## - BIBLIOGRAPHY, ETC. NOTE
Bibliography, etc. note Index
653 ## - INDEX TERM--UNCONTROLLED
Uncontrolled term Political Science
653 ## - INDEX TERM--UNCONTROLLED
Uncontrolled term Tribal Politics-North East India
653 ## - INDEX TERM--UNCONTROLLED
Uncontrolled term India(North East)-Tribal Politics
653 ## - INDEX TERM--UNCONTROLLED
Uncontrolled term Politics
653 ## - INDEX TERM--UNCONTROLLED
Uncontrolled term MS-Political Science
653 ## - INDEX TERM--UNCONTROLLED
Uncontrolled term G-Political Science
653 ## - INDEX TERM--UNCONTROLLED
Uncontrolled term G-Anthropology
942 ## - ADDED ENTRY ELEMENTS (KOHA)
Source of classification or shelving scheme Dewey Decimal Classification
Koha item type Books
Holdings
Withdrawn status Lost status Damaged status Not for loan Collection Home library Current library Date acquired Coded location qualifier Total checkouts Full call number Barcode Date last seen Copy number Price effective from Koha item type Date last checked out
          Dr. Suryya Kumar Bhuyan Library Dr. Suryya Kumar Bhuyan Library 01/02/2012 00000   320.9 Ra 18 Co 84515 13/01/2024 4 01/02/2012 Books  
          Dr. Suryya Kumar Bhuyan Library Dr. Suryya Kumar Bhuyan Library 01/02/2012 00000   320.9 Ra 18 Co 75,870 13/01/2024 7 01/02/2012 Books  
          Dr. Suryya Kumar Bhuyan Library Dr. Suryya Kumar Bhuyan Library 01/02/2012 00000   320.9 Ra 18 Co 77262 13/01/2024 6 01/02/2012 Books  
          Dr. Suryya Kumar Bhuyan Library Dr. Suryya Kumar Bhuyan Library 01/02/2012 00000   320.9 Ra 18 Co 84511 13/01/2024 5 01/02/2012 Books  
          Dr. Suryya Kumar Bhuyan Library Dr. Suryya Kumar Bhuyan Library 01/02/2012 00000 1 320.9 Ra 18 Co 84512 20/11/2024 3 01/02/2012 Books 04/11/2024
          Dr. Suryya Kumar Bhuyan Library Dr. Suryya Kumar Bhuyan Library 01/02/2012 00000   320.9 Ra 18 Co 84513 13/01/2024 2 01/02/2012 Books  
          Dr. Suryya Kumar Bhuyan Library Dr. Suryya Kumar Bhuyan Library 01/02/2012 00000   320.9 Ra 18 Co 84514 13/01/2024 1 01/02/2012 Books  

Designed and Maintained by Team SKBL
©1901-2026

Powered by Koha